00875nam a22002417a 4500001000700000003000900007005001700016007000700033008004900040020001500089040002200104100002800126240003600154245011500190260005400305300003000359490002300389500004300412500004800455500007900503700002800582830002300610000680DO-SdBNP20180209111132.0000680161110b 1994 mx a ||||| |||| 00| 0 spa d a9681906233 aBPMSUbspacBPMSU1 aHolmelund Minarik, Else1 aLittle Bear's visit.lEspañol10aLa visita de Osito /cElse Holmelund Minarik ; ilustraciones de Maurice Sendak ; traducción, María Puncel. aMaéxico : bAlfaguara, c1994.g2ª reimp. 1999 a64 p. : bil. ; c19 cm. 1 aInfantil Alfaguara aPara niños a partir de los 6 años. aSegunda reimpresión: septiembre de 1999. aIncluye datos biográficos de la autora en la solapa de la contracubierta12aSendak, Maurice, eil.  0aInfantil Alfaguara